Big 4 Sports Pairs Quiz Stats

 Plays Quiz Updated Jun 23, 2017

Challenge
Share
Tweet
Embed
Score 0/6 Timer 01:00
30 Plays Today
% Correct
49ers
94.2%
76ers
93%
Orioles
79.7%
Indians
78%
Islanders
58.9%
Oilers
53.1%

You're not logged in!

Compare scores with friends on all Sporcle quizzes.
OR
Log In

You Might Also Like...

Show Comments

Extras

Top Quizzes Today


Score Distribution

Your Account Isn't Verified!

In order to create a playlist on Sporcle, you need to verify the email address you used during registration. Go to your Sporcle Settings to finish the process.

Report this User

Report this user for behavior that violates our Community Guidelines.

Details: